City by Phonetic Spelling #1 - Statistics

General Stats
  • This quiz has been taken 1,684 times
  • The average score is 18 of 20
Answer Stats
Phonetic Spelling English Spelling % Correct
mʊmˌbaɪ Mumbai
99%
los andʒəlɛs Los Angeles
97%
mɒskəʊ Moscow
97%
səʊl Seoul
97%
roʊm Rome
96%
stɔkˌɦɔɫm Stockholm
95%
bɚˈlɪn Berlin
94%
pæɹ.ɪs Paris
94%
dɛli Delhi
93%
kaɪroʊ Cairo
91%
lʌn.dən London
90%
trɪpəli Tripoli
90%
ʃæŋhai Shanghai
89%
kualə lumpo(r) Kuala Lumpur
88%
mɛk.sɪ.koʊ sɪti Mexico City
88%
væŋˈkuː.vɚ Vancouver
88%
beɪˈʒɪŋ Beijing
87%
hjuːstɨn Houston
84%
nuː ˈjɔɹk sɪti New York City
84%
teə(ɹ).ɑːn Tehran
75%
No matching quizzes found
Score Distribution
Percent of People with Each Score
Percentile by Number Answered
Your Score History
You have not taken this quiz